Kane's WrestleMania Opponents - Statistics

General Stats
  • This quiz has been taken 192 times
  • The average score is 26 of 43
Answer Stats
WrestleMania Opponent % Correct
WrestleMania XIV The Undertaker
96%
WrestleMania XX The Undertaker
96%
WrestleMania 29* Big E
88%
WrestleMania 21** Edge
83%
WrestleMania X-7 Big Show
82%
WrestleMania XV Triple H
78%
WrestleMania XXX* Roman Reigns
76%
WrestleMania XXX* Seth Rollins
76%
WrestleMania 25** CM Punk
73%
WrestleMania XXX* Dean Ambrose
73%
WrestleMania XXVIII Randy Orton
73%
WrestleMania 21** Chris Jericho
69%
WrestleMania XXVI** Dolph Ziggler
69%
WrestleMania 29* Dolph Ziggler
69%
WrestleMania 21** Christian
65%
WrestleMania 25** Christian
65%
WrestleMania XXVI** Christian
65%
WrestleMania 25** Kofi Kingston
65%
WrestleMania XXVI** Kofi Kingston
65%
WrestleMania XXIV Chavo Guerrero
64%
WrestleMania 25** Mark Henry
64%
WrestleMania X8 Kurt Angle
63%
WrestleMania 21** Shelton Benjamin
62%
WrestleMania 25** Shelton Benjamin
62%
WrestleMania XXVI** Shelton Benjamin
62%
WrestleMania 21** Chris Benoit
61%
WrestleMania XXVI** Matt Hardy
60%
WrestleMania 23 The Great Khali
58%
WrestleMania 2000* X-Pac
58%
WrestleMania 25** MVP
55%
WrestleMania XXVI** MVP
55%
WrestleMania XXVI** Jack Swagger
53%
WrestleMania 25** Finlay
50%
WrestleMania 2000* Road Dogg
47%
WrestleMania 22* Carlito
45%
WrestleMania 22* Chris Masters
44%
WrestleMania XXVII* Wade Barrett
43%
WrestleMania X-7 Raven
41%
WrestleMania XXVI** Evan Bourne
37%
WrestleMania XXVI** Drew McIntyre
35%
WrestleMania XXVII* Heath Slater
35%
WrestleMania XXVII* Ezekiel Jackson
32%
WrestleMania XXVII* Justin Gabriel
32%
No matching quizzes found
Score Distribution
Percent of People with Each Score
Percentile by Number Answered
Your Score History
You have not taken this quiz